|
|
|
|
| LEADER |
01251nam a2200337 a 4500 |
| 001 |
883830 |
| 003 |
BD-DhAAL |
| 008 |
121230s1991 nyu b 001 0 eng d |
| 999 |
|
|
|c 13082
|d 13082
|
| 010 |
|
|
|a 80060855
|
| 020 |
|
|
|a 9780029174425
|
| 020 |
|
|
|a 0029174414
|
| 040 |
|
|
|a DNLM/DLC
|c DLC
|d DLC
|d BD-DhAAL
|
| 082 |
0 |
0 |
|a 616.89
|2 19
|
| 100 |
1 |
|
|a Kleinman, Arthur.
|9 45344
|
| 245 |
1 |
0 |
|a Rethinking psychiatry :
|b from cultural category to personal experience /
|c Arthur Kleinman.
|
| 260 |
|
|
|a New York :
|b Free Press ;
|a London :
|b Collier Macmillan,
|c c1991.
|
| 300 |
|
|
|a xiv, 237 pages ;
|c 24 cm.
|
| 500 |
|
|
|a Includes index.
|
| 504 |
|
|
|a Bibliography: p. 191-225.
|
| 541 |
|
|
|e 00026439
|
| 650 |
|
0 |
|a Psychiatry, Transcultural.
|9 45345
|
| 650 |
|
0 |
|a Cultural psychiatry.
|9 45346
|
| 650 |
|
0 |
|a Psychiatry
|x Philosophy.
|9 45347
|
| 650 |
|
2 |
|a Cross-Cultural Comparison.
|9 45348
|
| 650 |
|
2 |
|a Psychiatry.
|9 45349
|
| 650 |
|
2 |
|a Psychopathology.
|9 45350
|
| 650 |
|
2 |
|a Socioeconomic Factors.
|9 45351
|
| 852 |
1 |
|
|a Ayesha Abed Library
|j General shelf
|
| 942 |
|
|
|2 ddc
|c BK
|
| 952 |
|
|
|0 0
|1 0
|4 0
|6 616_890000000000000_KLE
|7 0
|9 21742
|a BRACUL
|b BRACUL
|c GEN
|d 2012-12-31
|e Trim Education
|g 1575.00
|l 2
|m 2
|o 616.89 KLE
|p 3010026439
|r 2025-12-28
|s 2025-12-21
|t 1
|w 2012-12-31
|y BK
|